De Canyamars al santuari del Corredor : Dosrius : Parc del Montnegre i el Corredor Dosrius : Parc del Montnegre i el Corredor
Descripción Física:
1 tríptic desplegable ; il. col. ; 10 x 21 cm.
Colección:
Itineraris senyalitzats
; PR-C 216
Materias:
Parc del Montnegre i el Corredor (Catalunya) -- Guies
; Parc del Montnegre i el Corredor (Catalunya) -- Circuits turístics
Idioma:
Catalán
MARC
| LEADER | 00000nam a22000007a 4500 | ||
|---|---|---|---|
| 001 | 27422 | ||
| 003 | Arxiu | ||
| 005 | 20260324181153.0 | ||
| 008 | 230228s2021 spca|||| ||||s00| 0 cat c | ||
| 017 | |a B 8108-2021 | ||
| 040 | |a agdb |b cat | ||
| 041 | |a cat | ||
| 110 | 1 | |9 7250 |a Barcelona (Catalunya : Província). |b Xarxa de Parcs Naturals | |
| 245 | 1 | 0 | |a De Canyamars al santuari del Corredor : |b Dosrius : Parc del Montnegre i el Corredor |
| 260 | |a Barcelona : |b Diputació de Barcelona. Xarxa de Parcs Naturals, |c 2021 | ||
| 300 | |a 1 tríptic desplegable ; |b il. col. ; |c 10 x 21 cm. | ||
| 490 | 1 | |a Itineraris senyalitzats ; |v PR-C 216 | |
| 610 | 0 | |9 52679 |a Parc del Montnegre i el Corredor (Catalunya) |v Guies | |
| 610 | 1 | 0 | |9 52714 |a Parc del Montnegre i el Corredor (Catalunya) |x Circuits turístics |
| 710 | 1 | |9 52730 |a Barcelona (Catalunya : Província). |b Gerència de Serveis d’Espais Naturals | |
| 710 | |9 10204 |a Parc del Montnegre i el Corredor (Catalunya) | ||
| 830 | 0 | |a Itineraris senyalitzats |v PR-C 216 |9 55975 | |
| 942 | |2 udc |c ARXIU |n 1 | ||
| 952 | |0 0 |1 0 |2 udc |4 0 |6 FU7471 |7 1 |9 65364 |a Arxiu |b Arxiu |d 2023-02-28 |l 0 |o FU-74-71 |p 27422 |r 2023-02-28 00:00:00 |w 2023-02-28 |y ARXIU | ||
| 999 | |c 83104 |d 83104 | ||